00664 2200205 4500001002100000005001700021008004100038035002400079040001200103082001100115090002000126100001400146245006400160260008700224300004200311500003300353504002700386650002700413990001800440YOGYA-0113000000151420130125092355.0 ind  0010-011300000001514 aYOPDYOG a362.11 aSK 362.11 Sus A aSUSMAWATI aAnalisa penentuan tarif kamar pasien/disusun oleh Susmawati aYogyakarta :bJurusan Akutansi Fakultas Ekonomi Universitas Wangsa Manggala,c2000 a(xi),50,(2)lbr.:bilus.,lamp.;c29 cm aSkripsi Univ.Wangsa Manggala aBibliografi : (lbr.52) aRumah sakit, pelayanan a43461-PD/A-12